000 01368nam a2200229 i 4500
001 125633
003 ES-MaACL
005 20251001144831.0
007 t|
008 070621s1865 sp ||||1| spa d
110 2 _aUniversidad Central (Madrid).
_bEscuela Superior de Diplomática.
_97086
245 1 0 _aReglamento de la Escuela Superior de Diplomática
_b: creada en Madrid por Real Decreto de 7 de octubre de 1856 y confirmada por la Ley de Instruccion Pública de 9 de septiembre de 1857, precedido de una introducción histórica y acompañado de la legislacion vigente sobre archivos y bibliotecas.
260 _aMadrid :
_b[s.n.],
_c1865 (
_fImprenta y Estereotipia de M. Rivadeneyra)
300 _a[4], 95 p. ;
_c26 cm.
505 8 _aLas páginas 77-95 contienen un "Apéndice II", escrito por el secretario Vicente Vignau y fechado en 1877, como actualización a la introducción histórica anterior (p. 1-29), que atribuye a Pedro Felipe Monlau.
610 2 7 _aUniversidad Central (Madrid).
_bEscuela Superior de Diplomática-
_vReglamentos.
_97087
700 1 _aMonlau, Pedro Felipe,
_d1808-1871
_982226
700 1 _aVignau y Ballester, Vicente,
_d1834-1919
_9114643
852 _aES-MaACL
_jT-914-F-9
_q. - Introducción y Apéndice (p. 1-75)
852 _aES-MaACL
_jT-914-F-11
_q. - Es el Apéndice II (p. 77-95)
999 _c125633
_d125633